000 00487nam a2200181Ia 4500
008 100917s9999 xx 000 0 und d
082 _b24905
100 _aकाळे व. पु.
245 _aवन फॉर द रोड
260 _bमेनका प्रकाशन
_c1975
300 _a149
365 _b10
520 _aकथा
630 _aवन फॉर द रोड
650 _aकथा
730 _aवन फॉर द रोड
942 _cBOOK
999 _c630299
_d630296